| 000 | 00568nam a2200193Ia 4500 | ||
|---|---|---|---|
| 005 | 20250508153707.0 | ||
| 008 | 008 250505s9999 xx 000 0 eng d | ||
| 037 | _aTextual | ||
| 040 |
_aFEDL _beng _cFEDL |
||
| 041 |
_aeng _2eng |
||
| 084 |
_a372.216, WOL _qFEDL |
||
| 100 |
_aWolffheim Nelly _9760791 |
||
| 245 | 0 | _aPsychology in the nursery school | |
| 260 |
_aLondon, UK _bGerald Duckworth and Co. Ltd. _c1953 |
||
| 300 | _a143p. | ||
| 650 |
_aNursery school - psychology _9760792 |
||
| 942 |
_cTEXL _h372.216, WOL |
||
| 999 |
_c1344807 _d1344807 |
||